| 000 | 00704nam a2200205Ia 4500 | ||
|---|---|---|---|
| 003 | LDD | ||
| 008 | 190117s9999 xx 000 0 und d | ||
| 020 |
_a8126712066 _c₹150 |
||
| 040 | _cLDD | ||
| 041 | _ahi | ||
| 082 | _a8H3.7 या4668हा | ||
| 100 | _aयादव, राजेन्द्र | ||
| 245 | 0 |
_aहासिल और अन्य कहानियाँ _cराजेन्द्र यादव |
|
| 246 | _a Hasil aur anya kahaniyan | ||
| 260 |
_aनई दिल्ली _bराजकमल _c2006 |
||
| 300 | _a135पृ. | ||
| 901 | _aRAJ | ||
| 904 | _aReqst by : Parakh, Jawarimal (Dr.) | ||
| 942 |
_2ddc _cH |
||
| 999 |
_c167753 _d167753 |
||